| 000 | 00458nam a2200193 a 4500 | ||
|---|---|---|---|
| 001 | 1756441510576 | ||
| 003 | ACL | ||
| 005 | 20250829100452.0 | ||
| 008 | 250829s1999##################000#0#eng## | ||
| 020 | _a9780521632454 | ||
| 082 | 0 | 4 |
_a759.9493 _bVER |
| 100 | 1 |
_aVergara, Alexander, _eauthor. |
|
| 245 | 1 | 0 | _aRubens and His Spanish Patrons : |
| 260 | _c1999. | ||
| 300 | _a278 pages | ||
| 650 | 0 | _aArt. | |
| 942 | _cENGLISH | ||
| 040 |
_aACL _beng _cACL |
||
| 999 |
_c584298 _d584298 |
||